Quiz sulla Thailandia - Statistics

Statistiche generali
  • Questo quiz è stato fatto 865 volte
  • Il punteggio medio è 11 su 20
Statistiche sulle risposte
Hint Risposta % Corretto
Capitale Bangkok
97%
Paesi che confinano con la Thailandia Laos
88%
La religione più comune Buddismo
85%
Paesi che confinano con la Thailandia Cambogia
85%
Paesi che confinano con la Thailandia Birmania
83%
Tipo di disastro naturale che ha colpito il paese nel 2004 Tsunami
79%
Paesi che confinano con la Thailandia Malesia
77%
Coltivazione più diffusa Riso
66%
In Tailandia è un crimine grave per insultare questa persona Il Re
54%
Penisola su cui si trova la Thailandia Indocina
52%
Nome con cui era conosciuto il paese fino agli anni quaranta Siam
51%
Grande fiume al confine orientale della Thailandia Mekong
45%
Animale sacro {Elefante} Bianco
41%
Valuta della Thailandia Baht
37%
Spaghetti di riso saltati in padella considerati il piatto nazionale thailandese Pad Thai
32%
Isola più grande, importante centro turistico Phuket
29%
Secondo gruppo etnico più numeroso Han Cinese
26%
Mare a ovest della Thailandia Mare delle Andamane
23%
Sport nazionale Muay Thai
23%
Nome per quanto sopra in tailandese (versione breve) Krung Thep
16%
Nessun quiz corrispondente trovato
Distribuzione punteggi
Percentuale di utenti per punteggio
Percentile per numero di risposta
I tuoi punteggi nel tempo
Non hai fatto questo quiz